000 00185 a2200097 4500
041 _aspa
100 _aAnna McQuinn
245 _aLola le lee al pequeǫ leo
942 _cBK
952 _71
999 _c21760
_d21760